Statistics for World's largest airlines

Click here to take the quiz!

General Stats

  • This quiz has been taken 152 times
  • The average score is 7 of 10

Answer Stats

PositionPassengers CarriedAnswer% Correct
2164.600.000Delta Air Lines
92%
1193.700.000American Airlines
90%
3139.200.000United Airlines
85%
776.300.000Lufthansa
81%
4133.100.000Southwest Airlines
67%
581.400.000Ryanair
61%
964.500.000China Southern Airlines
59%
1061.300.000easyJet
52%
679.100.000China Eastern Airlines
51%
866.700.000LATAM
33%

Score Distribution

Percentile by Number Answered

Percent of People with Each Score

Your Score History

You have not taken this quiz